Statistics for British Prime Ministers by First Names

Click here to take the quiz!

General Stats

  • This quiz has been taken 622 times
    (17 since last reset)
  • The average score is 44 of 56

Answer Stats

HintAnswer% Correct
Labour (1997-2007)Anthony II
100%
Conservative (2019-2022)Boris
100%
Liberal (1916-1922)David I
100%
Conservative (2010-2016)David II
100%
Conservative (2022-present)Elizabeth
100%
Conservative (1957-1963)Harold I
100%
Labour (1964-1970, 1974-1976)Harold II
100%
Labour (1924, 1929-1935)James I
100%
Labour (1976-1979)James II
100%
Tory (1762-1763)John I
100%
Whig (1846-1852, 1865-1866)John II
100%
Conservative (1990-1997)John III
100%
Conservative (1979-1990)Margaret
100%
Conservative (2016-2019)Theresa
100%
Whig (1756-1757)William I
100%
Whig (1766-1768)William II
100%
Whig (1782-1783)William III
100%
Tory and Whig (1783-1801, 1804-1806)William IV
100%
Whig (1806-1807)William V
100%
Whig (1783, 1807-1809)William VI
100%
Whig (1834, 1835-1841)William VII
100%
Liberal (1868-1874, 1880-1885, 1886, 1892-1894)William VIII
100%
Conservative (1940-1945, 1951-1955)Winston
100%
Whig (1743-1754)Henry I
90%
Tory (1801-1804)Henry II
90%
Whig and Liberal (1855-1858, 1859-1865)Henry III
90%
Liberal (1905-1908)Henry IV
90%
Conservative (1922-1923)Andrew
80%
Whig (1765-1766, 1782)Charles I
80%
Whig (1830-1834)Charles II
80%
Labour (1945-1951)Clement
80%
Tory and Whig (1852, 1858-1859, 1866-1868)Edward I
80%
Conservative (1970-1974)Edward II
80%
Whig (1763-1765)George I
80%
Tory (1827)George II
80%
Conservative (1852-1855)George III
80%
Labour (2007-2010)Gordon
80%
Conservative (1955-1957)Anthony I
70%
Conservative (1868, 1874-1880)Benjamin
70%
Liberal (1908-1916)Herbert
70%
Conservative (1937-1940)Neville
70%
Whig (1721-1742)Robert I
70%
Conservative (1812-1827)Robert II
70%
Conservative (1834-1835, 1841-1846)Robert III
70%
Conservative (1885-1886, 1886-1892, 1895-1902)Robert IV
70%
Tory (1828-1830, 1834)Arthur I
60%
Conservative (1902-1905)Arthur II
60%
Conservative (1923-1924, 1924-1929, 1935-1937)Stanley
60%
Conservative (1963-1964)Alec
50%
Whig (1754-1756, 1757-1762)Thomas
40%
Whig (1742-1743)Spencer I
30%
Tory (1809-1812)Spencer II
30%
Tory (1770-1782)Frederick I
20%
Tory (1827-1828)Frederick II
20%
Liberal (1894-1895)Archibald
10%
Whig (1768-1770)Augustus
10%

Score Distribution

Percentile by Number Answered

Percent of People with Each Score

Your Score History

You have not taken this quiz since the last reset